00516nam a2200157 a 450000100100000000500170001000800410002704000250006808200150009324500270010826000410013530000260017659000260020295201130022899900170034100003268120200930065756.0110725s2005 dr a r 000 0 spa d aDO-SdBNPbspacBNPHU axxxxbxxxx00aProtocolo cara a cara. aSanto Domingo :bBanreservas,c2005. a9 p. :bil. ;c19 cm. aInventariado, 2019/BT 0010718PDaPDbPDcHDd2011-07-25iLF1l0oxxxx xxxxp32681-10r2020-06-25w2020-06-25yLFPDZNo se presta c32172d32172